Estatísticas para Os 15 principais países afetados pela Covid-19 - 9 de fevereiro 2022

Clique aqui para jogar o quiz

Estatísticas Gerais

  • Esse quiz foi jogado 19 vezes
  • A pontuação média é 15 de 28

Estatísticas das Respostas

país% Correto
Brasil
100%
Estados Unidos
94%
Itália
94%
França
89%
Rússia
89%
Argentina
83%
Espanha
83%
Alemanha
78%
Índia
78%
Suíça
72%
Portugal
67%
Reino Unido
67%
Polônia
56%
Bélgica
50%
Colômbia
44%
Croácia
39%
Dinamarca
39%
Estônia
39%
Letónia
33%
Lituânia
33%
Países Baixos
33%
Países Baixos
33%
Chéquia
28%
Eslovénia
28%
Irão
28%
Turquia
28%
Israel
17%
Geórgia
6%

Distribuição das Pontuações

Percentil de Números Respondidos

Porcentagem de Pessoas com Cada Pontuação

Sua Pontuação Histórica

Você não jogou esse quiz